Приглашение в Россию 2. Базовый практический курс русского языка: рабочая тетрадь

Bibliografiske detaljer
Hovedforfatter: Корчагина Е. Л. Елена Львовна
Summary:Рабочая тетрадь используется в комплекте с учебником «Приглашение в Россию. Базовый практический курс русского языка» (Е.Л. Корчагина, НД. Литвинова) и аудиокассетой.Она содержит задания и упражнения, целью которых является формирование и раз витие навыков и умений письменной речи, требования к которым предъявляются на предпороговом (базовом) уровне владения русским языком как иностранным: умение написать записку, поздравление, ответить на небольшое личное письмо, послать сообщение по факсу, заполнить некоторые бланки и т. п. Владение русским языком в указанном объёме достаточно для получения Сертификата по русскому языку повседневного общения предпорогового (базового) уровня (второй уровень по шкале Совета Европы) государственного образца после сдачи соответствующего тестового экзамена. В Рабочей тетради предусмотрены также задания, способствующие закреплению правильного произношения и обучающие работе со словарём. Значительное количество заданий предлагается для формирования грамматических навыков. В разделе «Моя русская энциклопедия» повторяется и систематизируется страноведческая информация.Простота и доступность формулировок, наличие образцов выполнения заданий и клю­чей позволяют использовать Рабочую тетрадь не только во время аудиторных занятий, но и при самостоятельной работе учащихся.
Sprog:russisk
Udgivet: Москва, Русский язык. Курсы, 2008
Udgivelse:4-е изд., стер.
Fag:
Format: Ukendt
KOHA link:https://koha.lib.tpu.ru/cgi-bin/koha/opac-detail.pl?biblionumber=228536

MARC

LEADER 00000nmm0a2200000 4500
001 228536
005 20231101230902.0
010 |a 9785883370471 
035 |a (RuTPU)RU\TPU\book\249011 
090 |a 228536 
100 |a 20121219d2008 m y0rusy50 ca 
101 0 |a rus 
102 |a RU 
105 |a a j 000zy 
200 1 |a Приглашение в Россию 2. Базовый практический курс русского языка  |e рабочая тетрадь  |f Е. Л. Корчагина 
205 |a 4-е изд., стер. 
210 |a Москва  |c Русский язык. Курсы  |d 2008 
215 |a 182 с.  |c ил.  |e CD-ROM 
330 |a Рабочая тетрадь используется в комплекте с учебником «Приглашение в Россию. Базовый практический курс русского языка» (Е.Л. Корчагина, НД. Литвинова) и аудиокассетой.Она содержит задания и упражнения, целью которых является формирование и раз витие навыков и умений письменной речи, требования к которым предъявляются на предпороговом (базовом) уровне владения русским языком как иностранным: умение написать записку, поздравление, ответить на небольшое личное письмо, послать сообщение по факсу, заполнить некоторые бланки и т. п. Владение русским языком в указанном объёме достаточно для получения Сертификата по русскому языку повседневного общения предпорогового (базового) уровня (второй уровень по шкале Совета Европы) государственного образца после сдачи соответствующего тестового экзамена. В Рабочей тетради предусмотрены также задания, способствующие закреплению правильного произношения и обучающие работе со словарём. Значительное количество заданий предлагается для формирования грамматических навыков. В разделе «Моя русская энциклопедия» повторяется и систематизируется страноведческая информация.Простота и доступность формулировок, наличие образцов выполнения заданий и клю­чей позволяют использовать Рабочую тетрадь не только во время аудиторных занятий, но и при самостоятельной работе учащихся. 
606 1 |a Русский язык  |x Для других народов  |x Учебные руководства и пособия  |2 stltpush  |3 (RuTPU)RU\TPU\subj\26400  |9 50340 
610 1 |a лексика 
610 1 |a грамматика 
610 1 |a разговорная речь 
610 1 |a разговорные темы 
610 1 |a упражнения 
610 1 |a CD-ROM 
686 |a Ш141.2-96  |v LBC/SL-A  |2 rubbk 
700 1 |a Корчагина  |b Е. Л.  |g Елена Львовна 
801 1 |a RU  |b 63413507  |c 20121219 
801 2 |a RU  |b 63413507  |c 20170621  |g RCR 
942 |c MX 
959 |a 162/20121218  |d 10  |e 387,50